000 00234nmm a2200085Ia 4500
008 220120s9999||||xx |||||||||||||||||und||
100 _aPCQ
245 0 _aOctober 2010: 45 tools to boost operational efficiency, tuto
260 _aCyber tech
999 _c139635
_d139635